The Complete Dead Sea Scrolls in English : (Record no. 606886)

MARC details
000 -LEADER
fixed length control field 00501nam a2200193 a 4500
008 - FIXED-LENGTH DATA ELEMENTS--GENERAL INFORMATION
fixed length control field 260103s2004##################000#0#eng##
020 ## - INTERNATIONAL STANDARD BOOK NUMBER
ISBN 9780140449525
082 04 - DEWEY DECIMAL CLASSIFICATION NUMBER
Classification number 296.155
Item number VER
100 1# - MAIN ENTRY--AUTHOR NAME
Personal name Vermes, Geza,
245 10 - TITLE STATEMENT
Title The Complete Dead Sea Scrolls in English :
260 ## - PUBLICATION, DISTRIBUTION, ETC. (IMPRINT)
Name of publisher ePenguin,
Year of publication 2004.
300 ## - PHYSICAL DESCRIPTION
Number of Pages 724 pages
650 #0 - SUBJECT ADDED ENTRY--TOPICAL TERM
Topical Term Religion.
942 ## - ADDED ENTRY ELEMENTS (KOHA)
Koha item type English Books
Holdings
Withdrawn status Lost status Damaged status Not for loan Home library Current library Shelving location Date acquired Full call number Accession Number Price effective from Koha item type
        Anna Centenary Library Anna Centenary Library 3RD FLOOR, B WING 03.01.2026 296.155 VER 482424 03.01.2026 English Books

Find us on the map